000 00928nam a2200289Ia 4500
001 Z_1834
003 CHAP
008 220113s1997 xx 000 0 und d
010 _a164928
040 _cCHAP
090 _aTesis R 1246
100 _aRomero Molina, Juan Francisco
_999622
245 _aDesarrollo de becerros Holstein de reemplazo suplementados con Saccharomyces cerevisiae en la dieta /
_cpor Juan Francisco Romero Molina y María Teresa Santiago López
260 _aChapingo, Méx. :
_bEl autor,
_c1997
300 _a79 h.
502 _aTesis (Ing. Agr. Esp. en Zootecnia) -- UACH. Departamento de Zootecnia
650 _aDietas
_932541
650 _aGanado Holstein
_xEngorda
_9138984
650 7 _aSaccharomyces cerevisiae
_2
_9101125
700 _aSantiago López, María Teresa
_9102361
901 _aTESIS R 1246
902 _aM
910 _a1997
942 _c2
942 _c2
999 _c164928
_d164928